Регионална библиотека "Любен Каравелов" - Русе

Опыт комментария к Уставу гражданского судопроизводства (Запис номер 407289)

MARC детайли
000 -Лидер
Контролно поле с фиксирана дължина nam a22 a 4500
003 - Код на организацията, давaща контролен номер
Контролно поле BLK
005 - Дата и час на последна редакция
Контролно поле 20211030115342.0
008 - Елементи от данни с фиксирана дължина
fixed length control field 210409b bu |||||r|||| 00| | bu d
040 ## - Източник на каталожния запис
Идентификатор на билиотеката - собственик на записа BLK
041 ## - Код за език
Код за езика на текст/звукозапис или на отделно заглавие Руски
Код за езика КДБФ Руски
080 ## - УДК
Текстов определител УДК Гражданско право
УДК код - определител по УДК 347
УДК - код + определител 347
100 ## - Редна дума - Автор
R(LIN) 1299
Автор Анненков, Константин Никанорович
Авторска отговорност първи автор
139 ## - Редно поле
Редна дума Анненков, Константин Никанорович
245 ## - Сведения за заглавието
Заглавие Опыт комментария к Уставу гражданского судопроизводства
Редно поле (дума) К. Анненков
Том Т. 1 -
Заглавие на том Т.1 1. Подсудность, 2. Общий порядок производства дел
250 ## - Област на изданието
Сведения за изданието 2 попр. и доп.
260 ## - Област на издателските данни
9 (RLIN) 435436
Място на издаване, разпространение и проч. Санкт-Петербург
Име на издателя, разпространителя и проч. тип. М.М. Стасюлевича
Година на издаване 1887-1888
300 ## - Физическа характеристика
Размери/Мащаб 24 см
380 ## - Жанр
Жанр Обществени науки
490 ## - СЕРИИ (Колекции)
9 (RLIN) 435080
Име на серия Колекция Редки и ценни издания
650 #0 - Допълнително описание по предмет – тема
9 (RLIN) 266243
Основно описание – тема или топоним Гражданско право
653 #7 - Ключова дума – ненормативна
9 (RLIN) 199073
Ключова дума устави
653 #7 - Ключова дума – ненормативна
9 (RLIN) 188903
Ключова дума коментари
760 ## - Описание на основната серия
Редна дума на основното описание Анненков, Константин Никанорович
Място на издаване, издател и година Санкт-Петербург, 1887
Страници - том [4], IV, 456 с.
Част - том Т. 1: 1. Подсудность, 2. Общий порядок производства дел
852 ## - Местоположение
Форматна сигнатура Рр 887
Фондова буква Редки и ценни
999 ## - СИСТЕМНИ КОНТРОЛНИ НОМЕРА
Koha biblionumber 407289
Koha biblioitemnumber 407289
942 ## - АРТИКУЛИ
Вид на библиотечния материал Книги
Скрит в OPAC Не
Периодичен библиозапис Да
944 ## - СЪЗДАВАНЕ И РЕДАКЦИЯ на ЗАПИСА
Създаване/Редакция Създаване
Дата на регистрацията/редакция 2021-04-09
Служител, извършил регистрацията/редакцията А.М.
999 ## - СИСТЕМНИ КОНТРОЛНИ НОМЕРА
Koha biblioitemnumber 407289
999 ## - СИСТЕМНИ КОНТРОЛНИ НОМЕРА
Koha biblioitemnumber 407289
999 ## - СИСТЕМНИ КОНТРОЛНИ НОМЕРА
Koha biblioitemnumber 407289
Наличности
Код за отписване Код за изгубен артикул Източник на класификационната схема Код за повреда Коз за рестрикции Код за отдаване Артикулен № Име на библиотеката - собственик Име на библиотеката, в която се намира в момента Статус (Текущо местоположение) Дата на вписване в системата Местоположение - отдел Цена в лева Инвентарен номер Систематично азбучна сигнатура Баркод Цена в евро Служебен тип на артикула
  Не е изгубен Universal Decimal Classification Не е повреден само за читалня Специални фондове ( старопечатни, редки и ценни, фонд М. Арнаудов) 823466 Регионална библиотека "Любен Каравелов" Русе Регионална библиотека "Любен Каравелов" Русе Редки и ценни 2021-04-14 Редки и ценни 0.36 10738-І-1 Рр 887 900000049961 0.18 Книги
Vip Innovations Ltd, Rousse, Bulgaria 2025